000 00534nam a2200181Ia 4500
008 210719s2016 xx 000 0 und d
020 _a978-93-82305-94-1
041 _aeng
082 _a378.54 CHRC
100 _aCHRIST UNIVERSITY
245 _aCatholic higher education in India: rethinking purpose and context
260 _aBengaluru
_c2016
300 _axi,324
_bPB
365 _cRs
650 _aEducation
650 _aHigher Education
906 _aCatholic ; context ; education ; higher ; India: ; purpose ; rethinking
999 _c215721
_d215721